| 000 | 00476nam a2200157Ia 4500 | ||
|---|---|---|---|
| 999 |
_c18949 _d18949 |
||
| 003 | OSt | ||
| 005 | 20200702104359.0 | ||
| 008 | 190216s9999||||xx |||||||||||||| ||und|| | ||
| 040 | _coclc | ||
| 082 |
_a915.033 _bLAC/A |
||
| 100 |
_aLach, Donald F _93439 |
||
| 245 | 0 |
_aAsia On The Eve Of Europe`s Expansion / _cDonald F Lach ; Carol Flaumenhaft |
|
| 260 |
_bPrentice Hall, _c1965. |
||
| 300 | _a214p | ||
| 942 |
_cBK _2ddc _h915.033 _iLAC/A _k915.033 _mLAC/A |
||